Wird geladen...

The heritage of Sankara/

Bibliographische Detailangaben
1. Verfasser: Roy S S
Format: Printed Book
Veröffentlicht: New Delhi: Munshiram Manoharlal, 1982.
Ausgabe:2nd re. ed.
Schlagworte:
LEADER 00738nam a22001691a 4500
082 |a 181.482  |b ROY/H 
100 |a Roy S S  |9 147839 
245 |a The heritage of Sankara/  |c by Roy S S 
250 |a 2nd re. ed. 
260 |a New Delhi:  |b Munshiram Manoharlal,  |c 1982. 
300 |a 238p. 
650 |a Philosophy Sankaracharya  |9 147840 
650 |a Philosophy  |9 147841 
942 |c BK 
999 |c 17346  |d 17346 
952 |0 0  |1 0  |4 0  |6 181_482000000000000_ROY_H  |7 0  |9 24411  |a SSUS  |b SSUS  |d 2015-01-08  |g 175.00  |l 1  |m 1  |o 181.482 ROY/H  |p 022415  |r 2018-05-21  |s 2018-03-07  |v 0.00  |w 2015-01-08  |y BK 
952 |0 0  |1 0  |2 ddc  |4 0  |6 GENERAL_181_482000000000000_ROY_H  |7 0  |9 24412  |a SSUS  |b SSUS  |d 2015-01-08  |g 175.00  |l 3  |m 1  |o General 181.482 ROY/H  |p 022414  |r 2020-06-18  |s 2020-01-23  |v 0.00  |w 2015-01-08  |y BK